LIBRARY & INFORMATION CENTRE, KCAET, TAVANUR

ONLINE PUBLIC ACCESS CATALOGUE (OPAC)

Basic business finance / (Record no. 6385)

MARC details
000 -LEADER
fixed length control field 00427cam a2200169ua 4500
041 ## - LANGUAGE CODE
Language code of text/sound track or separate title eng
082 ## - DEWEY DECIMAL CLASSIFICATION NUMBER
Classification number 658.15
Item number HUN/BA
100 ## - MAIN ENTRY--AUTHOR NAME
Personal name Hunt, Pearson .
245 ## - TITLE STATEMENT
Title Basic business finance /
260 ## - PUBLICATION, DISTRIBUTION, ETC. (IMPRINT)
Place of publication :
Name of publisher Richard D IRWIN ,
Year of publication 1961.
300 ## - PHYSICAL DESCRIPTION
Number of Pages 946 ; .
700 1# - ADDED ENTRY--PERSONAL NAME
Personal name Donaldson, Gordon .
700 1# - ADDED ENTRY--PERSONAL NAME
Personal name Williams , Charles M .
942 ## - ADDED ENTRY ELEMENTS (KOHA)
Koha item type Books
Holdings
Withdrawn status Lost status Damaged status Home library Current library Date acquired Full call number Accession Number Koha item type
Withdrawn     KAUAET KAUAET 07/04/2012 658.15 HUN/BA 8029 Books
free website counter